| 000 | 00356nam a2200121Ia 4500 | ||
|---|---|---|---|
| 008 | 180201s9999||||xx |||||||||||||| ||und|| | ||
| 020 |
_cNT350 _a978-986-6001-71-0 |
||
| 100 | _a張如杏 | ||
| 245 | 0 |
_c張如杏 _a精神醫療社會工作理論與實務:兼述心理衛生社會工作 |
|
| 250 | _a初版 | ||
| 260 |
_c2016.01 _a台北市 |
||
| 300 |
_c cm. _a p. |
||
| 942 |
_2ccl _cBOOK |
||
| 999 |
_c1077 _d1077 |
||